000 01780nam a2200241Ia 4500
008 260220t1971||||xx |||||||||||||| ||spa||
040 _aPY-SlUNAC
_bspa
_erda
041 _aspa
082 _a539.77
_bM385m
100 _aMassey, John
_eAutor
245 0 _aManual de dosimetría en radioterapia /
_cpor John Massey [Autor]
264 _aVienna :
_bOIEA,
_c℗1971.
300 _a158 páginas
520 _aEl "Manual de dosimetría en radioterapia" de John Massey es una obra fundamental que aborda los principios y métodos de medición de dosis en tratamientos de radioterapia. Publicado por el Organismo Internacional de Energía Atómica (OIEA) en 1971, el manual proporciona un marco técnico para la dosimetría, enfatizando la importancia de la precisión en la administración de radiación para asegurar la eficacia del tratamiento y la seguridad del paciente. Massey explora distintos tipos de radiación, su interacción con los tejidos biológicos y las técnicas de calibración necesarias para garantizar que las dosis administradas sean las adecuadas. El texto incluye descripciones detalladas de instrumentos de medición y metodologías para evaluar la distribución de dosis en el campo de tratamiento. A través de ejemplos prácticos y una revisión exhaustiva de la literatura, este manual se convierte en una referencia esencial tanto para profesionales de la salud como para investigadores en el ámbito de la oncología radioterápica, contribuyendo al avance en la calidad del cuidado del paciente.
653 _aDosimetría
653 _aRadiación
653 _aRadioterapia
942 _b2026/02/17
_cBK
999 _c7822
_d7822